Волновая оптика: учебное пособие
| Autor principal: | |
|---|---|
| Sumario: | В учебнике Н. И. Калитеевского «Волновая оптика» рассматриваются основы электромагнитной теории света. Должное внимание уделено эксперименту. Изложение свойств электромагнитных волн базируется на уравнениях Максвелла. Даны элементы кристаллооптики, электронная теория дисперсии; подробно исследуются такие важные физические явления, как интерференция и дифракция света; изложены основы теории относительности и элементы квантовой оптики; рассматриваются свойства лазеров и основы фотонной физики. Учебник рекомендован для студентов технических вузов и университетов, обучающихся по специальности «Оптика». |
| Lenguaje: | ruso |
| Publicado: |
Санкт-Петербург, Лань, 2016
|
| Edición: | 5-е изд., стер. |
| Colección: | Лучшие классические учебники Классическая учебная литература по физике Учебники для вузов. Специальная литература |
| Materias: | |
| Formato: | Libro |
| KOHA link: | https://koha.lib.tpu.ru/cgi-bin/koha/opac-detail.pl?biblionumber=314061 |
MARC
| LEADER | 00000nam0a2200000 4500 | ||
|---|---|---|---|
| 001 | 314061 | ||
| 005 | 20231102002635.0 | ||
| 010 | |a 9785811406661 | ||
| 035 | |a (RuTPU)RU\TPU\book\339472 | ||
| 035 | |a RU\TPU\book\118810 | ||
| 090 | |a 314061 | ||
| 100 | |a 20070216d2016 m y0rusy50 ca | ||
| 101 | 0 | |a rus | |
| 102 | |a RU | ||
| 105 | |a a j 000zy | ||
| 200 | 1 | |a Волновая оптика |e учебное пособие |f Н. И. Калитеевский | |
| 205 | |a 5-е изд., стер. | ||
| 210 | |a Санкт-Петербург |c Лань |d 2016 | ||
| 215 | |a 467 с. |c ил. | ||
| 225 | 1 | |a Лучшие классические учебники | |
| 225 | 1 | |a Классическая учебная литература по физике | |
| 225 | 1 | |a Учебники для вузов. Специальная литература | |
| 330 | |a В учебнике Н. И. Калитеевского «Волновая оптика» рассматриваются основы электромагнитной теории света. Должное внимание уделено эксперименту. Изложение свойств электромагнитных волн базируется на уравнениях Максвелла. Даны элементы кристаллооптики, электронная теория дисперсии; подробно исследуются такие важные физические явления, как интерференция и дифракция света; изложены основы теории относительности и элементы квантовой оптики; рассматриваются свойства лазеров и основы фотонной физики. Учебник рекомендован для студентов технических вузов и университетов, обучающихся по специальности «Оптика». | ||
| 451 | 1 | |0 (RuTPU)RU\TPU\book\649 |y 5060030830 |t Волновая оптика |o учебное пособие для вузов |f Н. И. Калитеевский |e 3-е изд., перераб. и доп. |c М. |n Высшая школа |d 1995 |p 463 с. |a Калитеевский, Николай Иванович | |
| 606 | 1 | |a Волновая оптика |2 stltpush |3 (RuTPU)RU\TPU\subj\3524 |9 31926 | |
| 610 | 1 | |a физика | |
| 610 | 1 | |a электромагнитные волны | |
| 610 | 1 | |a отражение | |
| 610 | 1 | |a преломление | |
| 610 | 1 | |a кристаллы | |
| 610 | 1 | |a дисперсия | |
| 610 | 1 | |a электронная теория | |
| 610 | 1 | |a свет | |
| 610 | 1 | |a интерференция | |
| 610 | 1 | |a дифракция | |
| 610 | 1 | |a движущиеся тела | |
| 610 | 1 | |a квантовая оптика | |
| 610 | 1 | |a учебные пособия | |
| 675 | |a 535.12(075.8) |v 3 | ||
| 700 | 1 | |a Калитеевский |b Н. И. |g Николай Иванович | |
| 801 | 1 | |a RU |b 63413507 |c 20160208 | |
| 801 | 2 | |a RU |b 63413507 |c 20160406 |g RCR | |
| 900 | |a Волны и оптика | ||
| 900 | |a Оптика | ||
| 942 | |c BK | ||
| 951 | |l 8 | ||
| 959 | |a 17/20160208 |d 5 |e 738,54 |f ЧЗТЛ:1 |f УФ:4 | ||